[Event "MAS-ch Rapid Seniors"]
[White "Muhalip, Sotimin"]
[Black "Chay, Joon Hoong"]
[Site "Kuala Lumpur"]
[Round "7"]
[Result "0-1"]
[Date "2023.12.31"]
[WhiteElo "1764"]
[BlackElo "1523"]
[PlyCount "79"]
[EventDate "2023.12.31"]
[EventType "swiss (rapid)"]
[EventRounds "7"]
[EventCountry "MAS"]
[SourceTitle "CBM 218 Extra"]
[Source "ChessBase"]
[SourceDate "2024.03.31"]
[SourceVersion "1"]
[SourceVersionDate "2024.03.31"]
[SourceQuality "1"]

1. d4 c5 2. Nf3 cxd4 3. Nxd4 Nf6 4. g3 Nc6 5. Bg2 g6 6. 0-0 Bg7 7. Nc3 0-0 8. Bg5 Qb6 9. Nb3 Ne5 10. Bxf6 Qxf6 11. Nd5 Qd6 12. c3 Rb8 13. Qc2 b5 14. Rad1 Bb7 15. Nb4 Qc7 16. Bxb7 Qxb7 17. Nd5 d6 18. h3 e6 19. Nf4 d5 20. Nc5 Qc6 21. Nb3 Rfc8 22. Nd4 Qc4 23. Qb1 b4 24. cxb4 Qxb4 25. b3 a5 26. Kg2 a4 27. e3 Nd7 28. Rc1 e5 29. Nxd5 Qd6 30. Rxc8+ Rxc8 31. e4 exd4 32. bxa4 h5 33. a5 Rb8 34. Qd3 Nc5 35. Qc2 d3 36. Qc4 Re8 37. f3 Rb8 38. f4 Rb2+ 39. Kf3 Re2 40. Rb1 0-1